000 00786cam a2200241 a 4500
001 498214
003 JO-AjAnu
005 20231202122824.0
008 850724s1986 nyu 000 0 eng
010 _a 85018728
020 _a0023377100 (pbk.)
040 _aDLC
_cDLC
_dOCoLC
_dJO-AjAnu
_dDLC
050 0 0 _aHG4026
_b.F523 1986
082 0 0 _a658.1/5
_219
100 1 _aFinkel, Sidney R.
_eAuthor
245 1 0 _aCases in financial management /
_cSidney R. Finkel.
260 _aNew York :
_bMacmillan ;
_aLondon :
_bCollier Macmillan,
_cc1986.
300 _axiii, 328 p. ;
_c23 cm.
650 4 0 _aCorporations
_xFinance
_xDecision making
_xCase studies.
650 0 _aCorporations
_xFinance
_xData processing.
906 _a7
_bcbc
_corignew
_d1
_eocip
_f19
_gy-gencatlg
942 _2lcc
_cBK
_n0
999 _c33223
_d33223